Ius et veritas

Bibliographic Details
Format: eBook
Language:Spanish
Published: Per ︢ Pontificia Universidad Catolica del Peru 2012
Subjects:
Online Access:Acceso restringido

MARC

LEADER 00000nam a22000007a 4500
005 20151104095220.0
007 cr|||| ||u|
008 151104s20129999pe z||pss|||| 0|||b1spa d
022 |a 2411-8834  
035 |a 12927 
040 |a vLex 
090 |c 5651  |d 5651 
245 1 0 |a Ius et veritas  |h [Recurso electrn̤ico] /  |c Pontificia Universidad Catolica del Peru  
256 |a Servicio en ln̕ea 
260 |a Per ︢  |b Pontificia Universidad Catolica del Peru   |c 2012 
300 |a 1 recurso electrn̤ico  
310 |a Dos veces al aǫ (Julio y Diciembre)  
506 1 |a Contenido solo disponible en los productos indicados  |d vLex Global  |d vLex Global (Academic Edition, excluding Law Schools)  |d vLex Global (U.S. Academic Edition, Law Schools)  |d vLex Global (U.S. Academic Edition, excluding Law Schools)  |d vLex Global (Academic Edition, Law Schools) 
650 0 4 |a Derecho  |z Per︢ 
740 |a vLex revistas (servicio en ln̕ea) 
856 4 0 |u http://vlex.com/source/ius-et-veritas-12927  |z Acceso restringido 
942 |c REV 
999 0 |a Law